Log book " Education attachment programme " pada 16 September - 27 September 2013 di Queensland University of Technology, Brisbane, Australia

Bibliographic Details
Main Author: Idzwan Izuddin Shah bin Ishak
Format: Book
Language:English
Published: 2013
Subjects:

MARC

LEADER 00000cam a2200000 7i4500
001 0000024962
005 20131028.0
008 131028 my # eng
040 |a INS 
090 0 0 |a T/REP50 
100 0 |a Idzwan Izuddin Shah bin Ishak 
245 1 0 |a Log book " Education attachment programme " pada 16 September - 27 September 2013 di Queensland University of Technology, Brisbane, Australia   |c disediakan oleh Idzwan Izuddin Shah bin Ishak 
260 |c 2013 
300 |a ( mukasurat pelbagai ) :   |b il. ;   |c 30 cm. 
650 0 0 |a Education 
999 |a TRP0000082   |b BOOK   |c Training Report   |e Default branch